Students Guide to inome tax (Record no. 27478)

MARC details
000 -LEADER
fixed length control field 00373nam a2200145Ia 4500
008 - FIXED-LENGTH DATA ELEMENTS--GENERAL INFORMATION
fixed length control field 090122s9999 xx 000 0 und d
082 ## - DEWEY DECIMAL CLASSIFICATION NUMBER
Item number 3400
Classification number T4(E)
100 ## - MAIN ENTRY--PERSONAL NAME
Personal name Singhania
Numeration V
Titles and other words associated with a name K
245 ## - TITLE STATEMENT
Title Students Guide to inome tax
600 ## - SUBJECT ADDED ENTRY--PERSONAL NAME
Personal name Singhania
630 ## - SUBJECT ADDED ENTRY--UNIFORM TITLE
Uniform title Students Guide to inome tax
700 ## - ADDED ENTRY--PERSONAL NAME
Personal name Singhania
730 ## - ADDED ENTRY--UNIFORM TITLE
Uniform title Students Guide to inome tax
942 ## - ADDED ENTRY ELEMENTS (KOHA)
Koha item type Book
Holdings
Withdrawn status Lost status Damaged status Not for loan Home library Current library Date acquired Total Checkouts Full call number Barcode Date last seen Copy number Price effective from Koha item type
        Dombivali Granthasangrahalaya, Dombivali Dombivali Granthasangrahalaya, Dombivali 01/22/2009   3400 DOM-3400 01/22/2009 1 01/22/2009 Book